书目信息 |
| 题名: |
儿童阅读的世界
|
|
| 作者: | 李文玲 , 舒华 主编 | |
| 分册: | Ⅱ 早期阅读的生理机制研究 | |
| 出版信息: | 北京 北京师范大学出版社 2016 |
|
| 页数: | 251页 | |
| 开本: | 24cm | |
| 丛书名: | 国际儿童阅读研究丛书 | |
| 单 册: | ||
| 中图分类: | G252.17 | |
| 科图分类: | ||
| 主题词: | 儿童--er tong--阅读辅导--研究 | |
| 电子资源: | ||
| ISBN: | 978-7-303-21247-7 | |
| 000 | 01184nam0 22002771 450 | |
| 001 | 0102164926 | |
| 005 | 20170503082023.71 | |
| 010 | @a978-7-303-21247-7@b精装@dCNY88.00 | |
| 100 | @a20161229d2016 em y0chiy50 ea | |
| 101 | 0 | @achi@ceng |
| 102 | @aCN@b110000 | |
| 105 | @aa z 000yy | |
| 106 | @ar | |
| 200 | 1 | @a儿童阅读的世界@9er tong yue du de shi jie@dThe world of children's reading@hⅡ@i早期阅读的生理机制研究@iStudies of psychophysiology in early reading@f李文玲,舒华主编@zeng |
| 210 | @a北京@c北京师范大学出版社@d2016 | |
| 215 | @a251页@c照片,图@d24cm | |
| 225 | 2 | @a国际儿童阅读研究丛书@9guo ji er tong yue du yan jiu cong shu |
| 330 | @a本书从心理生理学的角度,回答了关于早期阅读生理机制的诸多问题。以功能性核磁共振成像、脑电、眼动、基因等领域研究成果为据,揭开早期阅读行为背后的生理发展图景。 | |
| 461 | 0 | @12001 @a国际儿童阅读研究丛书 |
| 510 | 1 | @aWorld of children's reading@hⅡ@iStudies of psychophysiology in early reading@zeng |
| 606 | 0 | @a儿童@9er tong@x阅读辅导@x研究 |
| 690 | @aG252.17@v5 | |
| 701 | 0 | @a李文玲@9li wen ling@4主编 |
| 701 | 0 | @a舒华@9shu hua@4主编 |
| 801 | 0 | @aCN@b百万庄@c20170308 |
| 905 | @b1003024-9@dG252.17@e106:2@f6 | |
| 儿童阅读的世界=The world of children's reading.Ⅱ.早期阅读的生理机制研究.Studies of psychophysiology in early reading/李文玲,舒华主编.-北京:北京师范大学出版社,2016 |
| 251页:照片,图;24cm.-(国际儿童阅读研究丛书) |
| ISBN 978-7-303-21247-7(精装):CNY88.00 |
| 本书从心理生理学的角度,回答了关于早期阅读生理机制的诸多问题。以功能性核磁共振成像、脑电、眼动、基因等领域研究成果为据,揭开早期阅读行为背后的生理发展图景。 |
| ● |
| 相关链接 |
|
|
|
|
正题名:儿童阅读的世界
索取号:G252.17/106:2
 
预约/预借
| 序号 | 登录号 | 条形码 | 馆藏地/架位号 | 状态 | 备注 |
| 1 | 1003024 | 210030241 | 第一样本阅览室/ [索取号:G252.17/106:2] | 在馆 | |
| 2 | 1003025 | 210030250 | 教育系资料室/ [索取号:G252.17/106:2] | 在馆 | |
| 3 | 1003026 | 210030269 | 教育系资料室/ [索取号:G252.17/106:2] | 在馆 | |
| 4 | 1003027 | 210030278 | 教育系资料室/ [索取号:G252.17/106:2] | 在馆 | |
| 5 | 1003028 | 210030287 | 第四借阅区/ [索取号:G252.17/106:2] | 在馆 | |
| 6 | 1003029 | 210030296 | 第四借阅区/ [索取号:G252.17/106:2] | 在馆 |